| 000 | 00696nam a22002417a 4500 | ||
|---|---|---|---|
| 003 | OSt | ||
| 005 | 20220107122811.0 | ||
| 008 | 160506b xxu||||| |||| 00| 0 eng d | ||
| 020 | _a9781466561748 | ||
| 040 | _cIIITMK | ||
| 082 | _a681.755 PRO/R | ||
| 100 |
_aProst, Gary L. _99100 |
||
| 245 |
_aRemote sensing for geoscientists: _bImage analysis and integration _cGary L. Prost |
||
| 250 | _a3 | ||
| 260 |
_aBoca Raton, _bCRC Press, _c2014. |
||
| 300 | _axxvii, 674p. | ||
| 648 |
_aGEOGRAPHICAL INFORMATION SYSTEMS _99101 |
||
| 648 |
_aREMOTE SENSING _99129 |
||
| 648 |
_aGEOLOGIC MAPPING _99102 |
||
| 648 |
_aPHOTOINTERPRETATION _99103 |
||
| 648 |
_aIMAGE ANALYSIS _99104 |
||
| 942 |
_2ddc _cBK |
||
| 999 |
_c5103 _d5103 |
||